000 00582nam a2200193Ia 4500
005 20260120132107.0
008 008 260114s9999 xx 000 0 eng d
020 _a9780197719831
037 _aEBOOK
040 _aCRL
_beng
_cCRL
041 _aeng
_2eng
084 _qCRL
100 _aKerr
_9934873
245 0 _aLessons from the Identity Trail: Anonymity, Privacy and Identity in a Networked Society
260 _bOxford University PressOxford University Press
_c2023
856 _uhttps://academic.oup.com/book/51753
942 _cEBOOK
999 _c1526796
_d1526796